|
|
|
|
| LEADER |
00933nam a2200265 a 4500 |
| 001 |
3755 |
| 003 |
BD-DhAAL |
| 005 |
20150523115908.0 |
| 008 |
150523s1997 nyu 001 0 eng |
| 010 |
|
|
|a 96035812
|
| 020 |
|
|
|a 0471165190 (pbk. : alk. paper)
|
| 040 |
|
|
|a DLC
|c DLC
|d DLC
|d BD-DhAAL
|
| 050 |
0 |
0 |
|a QA76.73.J38
|b M35 1997
|
| 082 |
0 |
0 |
|a 005.13/3
|2 20
|
| 100 |
1 |
|
|a Marketos, Joshua.
|9 11321
|
| 245 |
1 |
4 |
|a The Java developer's toolkit /
|c Joshua Marketos.
|
| 260 |
|
|
|a New York :
|b Wiley Computing,
|c c1997.
|
| 300 |
|
|
|a xv, 383 p. ;
|c 24 cm.
|
| 500 |
|
|
|a Includes index.
|
| 541 |
|
|
|e 3755
|
| 650 |
|
0 |
|a Java (Computer program language)
|9 6164
|
| 650 |
|
0 |
|a Computer software
|x Development.
|9 9032
|
| 942 |
|
|
|2 ddc
|c BK
|
| 999 |
|
|
|c 34492
|d 34492
|
| 952 |
|
|
|0 0
|1 0
|2 ddc
|4 0
|6 005_133000000000000_MAR
|7 0
|9 53837
|a SCL
|b SCL
|c GEN
|d 2015-05-23
|e Gift: The Asia Foundation
|l 9
|m 44
|o 005.133 MAR
|p 3020003755
|r 2025-05-14
|s 2025-02-09
|t 1
|w 2015-05-23
|y BK
|